000 00912nas a2200289 4500
001 BR0000842
003 BR-BrBNA
005 20231205101744.0
007 ta
008 230509b bl.|||p| |||| 00| 00por d
040 _aBR-BrBNA
_bpor
_cBiblioteca Nacional de Agricultura
041 _a(Pt)
072 _aL53
100 1 _aBarbuio, J.P.
100 1 _aMarques, A.
100 1 _aMadureira, E.H.
100 1 _aBaruselli, P.S.
100 1 _aArruda, R.P.
100 1 _aMizuta, K.
245 1 _aSincronizacao da ovulacao por benzoato de estradiol ou GnRH apos tratamento com MGA/PG/17b estradiol+progesterona em novilhas Nelore
650 _aGado Nelore
650 _aEstradiol
650 _aOvulacao
773 0 _tRevista Brasileira de Reproducao Animal (Brazil)
_xISSN 0102-0803
_g(Jul-Sep 1999), v. 23(3) p. 312-314
_wBR0000842
909 _a202311
_bLúcia
_c55
_dLúcia Elande
942 _2AGRIS
_n0
_cANA
999 _c163689
_d163689